Gaming Quiz

Random Gaming or Minecraft Quiz

Minecraft Crops Quiz Stats

 Plays Quiz not verified by Sporcle

Score 0/8 Timer 04:00
0 Plays Today
% Correct
Carrot
92.9%
Pumpkin
91.9%
Potato
90.9%
Melon
90.9%
Wheat
87.9%
Beetroot
81.8%
Cocoa Beans
76.8%
Sugar Cane
71.7%

You're not logged in!

Compare scores with friends on all Sporcle quizzes.
OR
Log In

Show Comments

Extras

Created Jan 30, 2014SourceReportNominate
Tags:Minecraft Quiz, Plants

Top Quizzes Today


Score Distribution

Your Account Isn't Verified!

In order to create a playlist on Sporcle, you need to verify the email address you used during registration. Go to your Sporcle Settings to finish the process.

Report this User

Report this user for behavior that violates our Community Guidelines.

Details: